Statistics for Countries that start with 'E' by picture

Click here to take the quiz!

General Stats

  • This quiz has been taken 23 times
  • The average score is 7 of 9

Answer Stats

Answer% Correct
Egypt
100%
Estonia
87%
Eritrea
83%
East Timor
78%
Ecuador
78%
Ethiopia
78%
Equatorial Guinea
74%
El Salvador
70%
Eswatini
70%

Score Distribution

Percentile by Number Answered

Percent of People with Each Score

Your Score History

You have not taken this quiz